<?xml version="1.0" encoding="UTF-8"?><OAI-PMH xmlns="http://www.openarchives.org/OAI/2.0/" xmlns:xsi="http://www.w3.org/2001/XMLSchema-instance"     xsi:schemaLocation="http://www.openarchives.org/OAI/2.0/ http://www.openarchives.org/OAI/2.0/OAI-PMH.xsd"><responseDate>2026-06-02T22:16:19Z</responseDate><request verb="GetRecord" identifier="oai:regmurcia.com:fintegr.540" metadataPrefix="marc21">http://oai.regmurcia.com/oai2/oai2.php</request><GetRecord><record><header><identifier>oai:regmurcia.com:fintegr.540</identifier><datestamp>2026-06-03</datestamp><setSpec>documentos</setSpec></header><metadata><record  xmlns="http://www.loc.gov/MARC21/slim" xmlns:xsi="http://www.w3.org/2001/XMLSchema-instance" xsi:schemaLocation="http://www.loc.gov/MARC21/slim http://www.loc.gov/standards/marcxml/schema/MARC21slim.xsd" type="Bibliographic"><leader>00000nam a2200000   4500</leader><controlfield tag="001" >005123672</controlfield><controlfield tag="003" >540</controlfield><controlfield tag="004" >A00000000</controlfield><datafield tag="245" ind1=" " ind2=" "><subfield code="a">Carta plomada de merced de Alfonso XI al concejo de Murcia, confirmando algunos ordenamientos</subfield></datafield><datafield tag="300" ind1=" " ind2=" "><subfield code="c">634 x 505 mm.</subfield></datafield><datafield tag="351" ind1=" " ind2=" "><subfield code="a">Unidad Documental</subfield><subfield code="c">Archivo de Murcia. Array</subfield><subfield code="a">Unidad Documental</subfield><subfield code="c">Archivo de Murcia. Array</subfield></datafield><datafield tag="351" ind1=" " ind2=" "><subfield code="b">Nº 101</subfield></datafield><datafield tag="506" ind1=" " ind2=" "><subfield code="a">Acceso restringido</subfield></datafield><datafield tag="510" ind1=" " ind2=" "><subfield code="a">Pub. VEAS ARTESEROS, FRANCISCO.  Documentos de Alfonso XI. Murcia: Academia Alfonso X El Sabio, 1.997, p. 126-132</subfield></datafield><datafield tag="520" ind1=" " ind2=" "><subfield code="a">Merced de Alfonso XI al concejo de Murcia, revisando y confirmando algunos ordenamientos relativos a violación de mujeres, cartas desaforadas, molinos, deudas, tala de arbolado, allanamiento de morada, moros y judíos, personería, libros de notarios, fiadurías, juicios, etc.</subfield></datafield><datafield tag="583" ind1=" " ind2=" "><subfield code="u">http://www.regmurcia.com/servlet/s.Sl?METHOD=VERDOCUMENTO&amp;sit=serv,Carmesi&amp;n=/01/2070/indice.djvu</subfield></datafield><datafield tag="592" ind1=" " ind2=" "><subfield code="a">1329-02-26</subfield></datafield><datafield tag="592" ind1=" " ind2=" "><subfield code="d">1329-02-26 00:00:00</subfield></datafield><datafield tag="651" ind1=" " ind2=" "><subfield code="a">Soria</subfield></datafield><datafield tag="786" ind1=" " ind2=" "><subfield code="o">http://www.regmurcia.com/servlet/s.Sl?METHOD=VERDOCUMENTO&amp;sit=serv,Carmesi&amp;n=/01/2070/indice.djvu</subfield></datafield><datafield tag="856" ind1=" " ind2=" "><subfield code="u">http://www.regmurcia.com/servlet/s.Sl?METHOD=DETALLE&amp;sit=c,373,m,139,serv,Carmesi&amp;id=540</subfield></datafield></record></metadata></record></GetRecord></OAI-PMH>
